[Event "Rated Blitz game"]
[Site "?"]
[Date "2021.01.09"]
[Round "?"]
[White "Alejandrox"]
[Black "AlaEldin"]
[Result "1-0"]
[WhiteElo "2431"]
[BlackElo "2267"]
[PlyCount "59"]
[EventDate "2021.??.??"]
[EventType "blitz"]

1. e4 e5 2. Nf3 d5 3. exd5 e4 4. Qe2 Nf6 5. Nc3 Be7 6. Nxe4 O-O 7. d3 Nxd5 8.
Bd2 Re8 9. O-O-O f5 10. Kb1 fxe4 11. dxe4 Nb6 12. Bc3 Bd7 13. e5 Nc6 14. Qe4
Bf5 15. Bc4+ Nxc4 16. Qxc4+ Kh8 17. Rxd8 Raxd8 18. h4 h6 19. a3 Rf8 20. Ng5 Bg6
21. Ne6 Bf7 22. Qg4 Bxe6 23. Qxe6 Bc5 24. f3 Nd4 25. Qc4 b6 26. b4 Rb8 27. bxc5
bxc5+ 28. Kc1 Nf5 29. Qxc5 Ng3 30. Re1 {Time forfeit} 1-0

[Event "Rated Blitz game"]
[Site "?"]
[Date "2021.01.09"]
[Round "?"]
[White "JurajMatejovic_SK"]
[Black "BaronBananenschnabel"]
[Result "1-0"]
[WhiteElo "2417"]
[BlackElo "2370"]
[PlyCount "143"]
[EventDate "2021.??.??"]
[EventType "blitz"]

1. e4 e5 2. Nf3 d5 3. exd5 Bd6 4. Nc3 Nf6 5. d4 e4 6. Ne5 Nbd7 7. Bb5 O-O 8.
Bxd7 Nxd7 9. Nc4 Bb4 10. O-O f5 11. Bf4 Nf6 12. Ne3 Bd6 13. Be5 f4 14. Nc4 Bf5
15. Re1 f3 16. Ne3 Bg4 17. Bxf6 Qxf6 18. Nxg4 Qh4 19. Rxe4 fxg2 20. Qe2 h5 21.
Ne5 Qg5 22. h4 Qh6 23. Re1 Bb4 24. Qe3 Qf6 25. Kxg2 Rae8 26. Qg3 Bd6 27. R1e3
Qh6 28. Rf3 Rxf3 29. Qxf3 Rf8 30. Qg3 Rf6 31. Kf1 Qc1+ 32. Re1 Qxc2 33. Ne4 Rf8
34. Nxd6 cxd6 35. Nf3 Qd3+ 36. Kg2 Qf5 37. Re7 Qf6 38. Re6 Qf5 39. Ng5 Qxd5+
40. Kh2 Rf5 41. Re7 Qxd4 42. Re8+ Rf8 43. Rxf8+ Kxf8 44. Ne6+ Kg8 45. Nxd4 Kf7
46. Qf3+ Ke7 47. Nf5+ Kd7 48. Nxg7 Kc7 49. Ne6+ Kb6 50. Qf5 Ka6 51. Qe4 b6 52.
Qd5 b5 53. Qxd6+ Ka5 54. Nc7 Ka4 55. Nxb5 a5 56. Qc7 Kb4 57. Qxa5+ Kc4 58. Nd6+
Kd4 59. Ne4 Kd3 60. Qb5+ Kc2 61. Qxh5 Kb1 62. Qg5 Ka1 63. Qf5 Kb1 64. Nd6+ Ka1
65. Qe5 Kxa2 66. Qe1 Kxb2 67. Qe2+ Kb1 68. Qe3 Ka1 69. Qe4 Ka2 70. Qe5 Kb3 71.
Qd5+ Ka3 72. Qd4 {Time forfeit} 1-0

[Event "Rated Blitz game"]
[Site "?"]
[Date "2021.01.09"]
[Round "?"]
[White "JurajMatejovic_SK"]
[Black "ahoramahora"]
[Result "1-0"]
[WhiteElo "2449"]
[BlackElo "2318"]
[PlyCount "97"]
[EventDate "2021.??.??"]
[EventType "blitz"]

1. e4 e5 2. Nf3 d5 3. exd5 e4 4. Qe2 Nf6 5. d3 Qxd5 6. Nbd2 Nc6 7. Nxe4 Be6 8.
Nxf6+ gxf6 9. Be3 O-O-O 10. a3 Rg8 11. h3 Kb8 12. g3 Qb5 13. c3 Bd6 14. d4 Qb3
15. Bg2 Bc4 16. Qd2 Rge8 17. Bf1 Bd5 18. Be2 Na5 19. O-O Nc4 20. Bxc4 Qxc4 21.
Nh4 Bc6 22. Kh2 Qd5 23. Bf4 Qh5 24. Rae1 Rg8 25. Bxd6 cxd6 26. Qf4 a6 27. Rg1
Ka8 28. Qxf6 Rg6 29. Qf5 Rg5 30. Qf4 Rdg8 31. c4 d5 32. c5 Bd7 33. Re5 Rxe5 34.
Qxe5 Rg5 35. Qf4 Be6 36. Re1 Qh6 37. Re5 Rxe5 38. Qxh6 Re2 39. Qf8+ Ka7 40. Kg2
Rxb2 41. Qd6 Rb3 42. a4 Rc3 43. Qb6+ Ka8 44. Nf3 Rc4 45. Ne5 Rxa4 46. c6 bxc6
47. Qxc6+ Kb8 48. Qxa4 Kb7 49. Qc6+ {Normal} 1-0

[Event "Rated Blitz game"]
[Site "?"]
[Date "2021.01.09"]
[Round "?"]
[White "koromarbel"]
[Black "Fantastic_power06"]
[Result "0-1"]
[WhiteElo "2444"]
[BlackElo "2631"]
[PlyCount "76"]
[EventDate "2021.??.??"]
[EventType "blitz"]

1. e4 e5 2. Nf3 d5 3. Nc3 dxe4 4. Nxe4 f5 5. Nc3 e4 6. Qe2 Be7 7. Ne5 Qd4 8.
Qh5+ g6 9. Nxg6 hxg6 10. Qxg6+ Kd8 11. d3 Qf6 12. Qg3 Bd6 13. Qg5 Qxg5 14.
Bxg5+ Be7 15. Bxe7+ Kxe7 16. dxe4 fxe4 17. Nxe4 Nf6 18. Nxf6 Kxf6 19. g3 Bf5
20. O-O-O Be4 21. Rg1 Rxh2 22. Rd2 Nc6 23. f3 Rxd2 24. Kxd2 Bxf3 25. Bd3 Bg4
26. Rf1+ Kg7 27. Rf4 Be6 28. Be4 Rd8+ 29. Ke3 Bd5 30. Bd3 Re8+ 31. Kd2 Rf8 32.
Rg4+ Kf6 33. a3 Ke7 34. c4 Ne5 35. Rd4 Nf3+ 36. Kc3 Nxd4 37. cxd5 Nf5 38. g4
Nd6 {Normal} 0-1

[Event "Rated Blitz game"]
[Site "?"]
[Date "2021.01.09"]
[Round "?"]
[White "emiliooo"]
[Black "KinzyabulatovRenat"]
[Result "1-0"]
[WhiteElo "2550"]
[BlackElo "2372"]
[PlyCount "93"]
[EventDate "2021.??.??"]
[EventType "blitz"]

1. e4 e5 2. Nf3 d5 3. Nxe5 Bd6 4. d4 dxe4 5. Nc3 Bxe5 6. dxe5 Qxd1+ 7. Kxd1 Nc6
8. Bb5 Bd7 9. Nxe4 O-O-O 10. Ke1 Nd4 11. Bd3 Ne7 12. Be3 Nec6 13. Rd1 Bg4 14.
f3 Nxf3+ 15. gxf3 Bxf3 16. Kf2 Nxe5 17. Rhg1 Bxd1 18. Rxd1 Nxd3+ 19. cxd3 f5
20. Nc5 b6 21. Ne6 Rd7 22. d4 Re8 23. d5 c6 24. Rc1 Rxd5 25. Nxg7 Re7 26. Nh5
c5 27. Bg5 Rc7 28. Rc2 c4 29. Nf4 Ra5 30. a3 c3 31. Ne6 Rc6 32. Nd4 Rc4 33. Ne2
f4 34. Bxf4 Rf5 35. Ke3 Kb7 36. Rxc3 Rxc3+ 37. Nxc3 a6 38. Ke4 Rh5 39. Bg3 Kc6
40. Kf4 b5 41. Kg4 Rc5 42. Ne4 Rc4 43. Kf5 a5 44. h4 b4 45. axb4 axb4 46. h5
Rc2 47. Be5 {Time forfeit} 1-0

[Event "Rated Blitz tournament ZdsEH4YF"]
[Site "?"]
[Date "2021.01.09"]
[Round "?"]
[White "rakif666"]
[Black "TheOrtega"]
[Result "0-1"]
[WhiteElo "2320"]
[BlackElo "2444"]
[PlyCount "38"]
[EventDate "2021.??.??"]
[EventType "blitz"]

1. e4 e5 2. Nf3 d5 3. exd5 e4 4. Ne5 Qxd5 5. d4 exd3 6. Nxd3 Nf6 7. Nc3 Qd8 8.
Be2 Bd6 9. O-O h6 10. Be3 O-O 11. Qd2 Nc6 12. Rad1 Bf5 13. h3 Re8 14. Rfe1 Qd7
15. Bxh6 gxh6 16. Qxh6 Bg6 17. Bf3 Qf5 18. Rxe8+ Rxe8 19. Bxc6 bxc6 {Normal}
0-1

[Event "Rated Blitz game"]
[Site "?"]
[Date "2021.01.09"]
[Round "?"]
[White "lavr2004"]
[Black "Tayota"]
[Result "1-0"]
[WhiteElo "2430"]
[BlackElo "2315"]
[PlyCount "43"]
[EventDate "2021.??.??"]
[EventType "blitz"]

1. e4 e5 2. Nf3 d5 3. Nxe5 Qe7 4. d4 f6 5. Nd3 Nc6 6. c3 Bf5 7. Be2 Bxe4 8. O-O
Qf7 9. f3 Bg6 10. Nf4 Bd6 11. b4 Nge7 12. a4 a6 13. Bd3 O-O 14. Nxg6 Nxg6 15.
f4 Rfe8 16. g3 f5 17. Bd2 Re7 18. Na3 Rae8 19. Nc2 Kh8 20. Qh5 Re2 21. Bxe2
Rxe2 22. Qxe2 {Normal} 1-0

[Event "Rated Blitz game"]
[Site "?"]
[Date "2021.01.09"]
[Round "?"]
[White "Sergey0301"]
[Black "shae11"]
[Result "1/2-1/2"]
[WhiteElo "2387"]
[BlackElo "2498"]
[PlyCount "123"]
[EventDate "2021.??.??"]
[EventType "blitz"]

1. e4 e5 2. Nf3 d5 3. exd5 Bd6 4. Nc3 Nf6 5. d3 O-O 6. Bg5 h6 7. Bh4 Bb4 8. Qd2
Nbd7 9. a3 Ba5 10. Be2 Re8 11. b4 Bb6 12. O-O Qe7 13. Rfe1 Qf8 14. Bf1 a5 15.
Rab1 axb4 16. axb4 Ra3 17. Nb5 Ra2 18. Nc3 Ra3 19. Nb5 Ra4 20. c4 c6 21. Nc3
Rxb4 22. dxc6 bxc6 23. Rxb4 Qxb4 24. Ne4 Qxd2 25. Nxf6+ Nxf6 26. Nxd2 g5 27.
Bg3 Nd7 28. Ne4 Re6 29. h4 f5 30. Nc3 f4 31. Bh2 Nf6 32. hxg5 hxg5 33. Na4 Bd4
34. Rb1 Kg7 35. Nb6 Bb7 36. Be2 c5 37. Nd7 Bc6 38. Nxf6 Kxf6 39. Kf1 e4 40. Bg1
exd3 41. Bxd3 Be4 42. Rd1 Bxd3+ 43. Rxd3 Ra6 44. Rd1 Ra2 45. f3 Bxg1 46. Kxg1
Rc2 47. Rd6+ Kf7 48. Rd5 Rxc4 49. Rxg5 Ke6 50. Kh2 Kd6 51. Kh3 Rd4 52. Rg8 c4
53. Rc8 Kd5 54. Kg4 Ke5 55. Rc5+ Kd6 56. Rc8 Ke5 57. Rc5+ Kd6 58. Rc8 Kd5 59.
Rc7 Ke5 60. Rc8 Kd5 61. Rc7 Kd6 62. Rc8 {Normal} 1/2-1/2

[Event "Rated Blitz game"]
[Site "?"]
[Date "2021.01.09"]
[Round "?"]
[White "amaa18"]
[Black "Fantastic_power06"]
[Result "1-0"]
[WhiteElo "2449"]
[BlackElo "2634"]
[PlyCount "151"]
[EventDate "2021.??.??"]
[EventType "blitz"]

1. e4 e5 2. Nf3 d5 3. exd5 e4 4. Qe2 Nf6 5. Nc3 Be7 6. Nxe4 O-O 7. Nxf6+ Bxf6
8. d4 Re8 9. Be3 Qxd5 10. c4 Qh5 11. O-O-O Nc6 12. Qd2 Bg4 13. Be2 Rad8 14. h3
Bxf3 15. Bxf3 Qf5 16. d5 Ne5 17. Be2 Qe4 18. Qc2 Qxc2+ 19. Kxc2 Ng6 20. Rhe1
Nh4 21. Bf1 Nf5 22. Bf4 Rxe1 23. Rxe1 Rc8 24. Bxc7 Be7 25. Bf4 Bb4 26. Re4 Bc5
27. f3 Kf8 28. g4 Nd4+ 29. Kd3 Nxf3 30. Bg2 Nh4 31. Bh1 Ng6 32. Bg3 Rd8 33. b3
Ne7 34. Kc3 f5 35. Re6 Kf7 36. b4 Bg1 37. Re1 Bb6 38. Rxe7+ Kxe7 39. c5 fxg4
40. hxg4 Rc8 41. d6+ Kd7 42. Bxb7 Rxc5+ 43. bxc5 Bxc5 44. Kc4 Bxd6 45. Bxd6
Kxd6 46. Be4 h6 47. Kb5 Ke5 48. Bb7 Kf4 49. Bc8 Ke5 50. Ka6 Kd6 51. a4 Kc7 52.
Bf5 Kb8 53. a5 Ka8 54. Be4+ Kb8 55. Bf3 g6 56. Bg2 h5 57. gxh5 gxh5 58. Bh1 Kc7
59. Kxa7 Kd6 60. a6 Kc7 61. Bg2 h4 62. Bh1 Kc8 63. Kb6 Kd7 64. a7 Ke6 65. a8=Q
h3 66. Qb7 Kf5 67. Qc7 Kg4 68. Qh2 Kh4 69. Bf3 Kg5 70. Qxh3 Kf6 71. Qg4 Ke7 72.
Qf4 Kd8 73. Kc5 Ke8 74. Kd4 Kd8 75. Qe5 Kc8 76. Qd5 {Time forfeit} 1-0

[Event "Rated Rapid game"]
[Site "?"]
[Date "2021.01.09"]
[Round "?"]
[White "hanyabdo"]
[Black "ogzdgd"]
[Result "0-1"]
[WhiteElo "2329"]
[BlackElo "2445"]
[PlyCount "44"]
[EventDate "2021.??.??"]
[EventType "rapid"]

1. e4 e5 2. Nf3 d5 3. Nxe5 dxe4 4. d4 Nf6 5. Bc4 Be6 6. Bxe6 fxe6 7. O-O Nc6 8.
Nxc6 bxc6 9. c3 Be7 10. Nd2 Qd5 11. Qe2 Rb8 12. Re1 c5 13. dxc5 Bxc5 14. Nxe4
Nxe4 15. Qxe4 O-O 16. Qxd5 Bxf2+ 17. Kh1 exd5 18. Rd1 c6 19. h3 Rbe8 20. b3 Be1
21. Bd2 Bg3 22. Be1 Rf1# {Normal} 0-1

[Event "Rated Blitz game"]
[Site "?"]
[Date "2021.01.09"]
[Round "?"]
[White "DanielPerchman"]
[Black "KinzyabulatovRenat"]
[Result "1/2-1/2"]
[WhiteElo "2437"]
[BlackElo "2375"]
[PlyCount "120"]
[EventDate "2021.??.??"]
[EventType "blitz"]

1. e4 e5 2. Nf3 d5 3. exd5 e4 4. Nd4 Qxd5 5. Nb3 Nf6 6. Nc3 Qe5 7. Qe2 Nc6 8.
d4 exd3 9. Qxe5+ Nxe5 10. cxd3 Bf5 11. Bf4 Nxd3+ 12. Bxd3 Bxd3 13. O-O-O O-O-O
14. Bg5 Be7 15. Rhe1 Rhe8 16. Re3 Bc4 17. Rxd8+ Bxd8 18. Bxf6 Rxe3 19. Bxd8
Rxc3+ 20. bxc3 Kxd8 21. Nd2 Bxa2 22. c4 b5 23. cxb5 Kd7 24. Kb2 Bd5 25. g3 Kd6
26. Ka3 Kc5 27. Ka4 Bc4 28. Ne4+ Kd4 29. Ng5 h6 30. Nf3+ Kc5 31. Ne5 f6 32.
Nd7+ Kd6 33. Nb8 f5 34. Nc6 a6 35. Nd4 axb5+ 36. Ka5 g6 37. h4 Kd5 38. Nc2 c5
39. h5 gxh5 40. Ne3+ Ke4 41. Kb6 Be2 42. Kxc5 f4 43. gxf4 Kxf4 44. Kd4 h4 45.
Ng2+ Kg4 46. Ke3 Bf1 47. Nf4 h3 48. Nd5 h2 49. Nf6+ Kf5 50. Nh5 Kg4 51. Ng3 Bg2
52. Ne2 h1=Q 53. Nd4 Bd5 54. Ne2 Qe4+ 55. Kd2 Bc4 56. Nc1 Qd4+ 57. Kc2 b4 58.
Kb1 Qc3 59. f3+ Kxf3 60. Nb3 Bxb3 {Normal} 1/2-1/2

[Event "Rated Blitz game"]
[Site "?"]
[Date "2021.01.09"]
[Round "?"]
[White "Sazed21"]
[Black "pasha1984"]
[Result "0-1"]
[WhiteElo "2406"]
[BlackElo "2334"]
[PlyCount "62"]
[EventDate "2021.??.??"]
[EventType "blitz"]

1. e4 e5 2. Nf3 d5 3. exd5 e4 4. Qe2 Nf6 5. Nc3 Be7 6. Nxe4 Nxd5 7. g3 O-O 8.
Bg2 Re8 9. O-O Bf8 10. Qd3 Nc6 11. c4 Ndb4 12. Qb1 Nd3 13. Ne1 Nxe1 14. Rxe1 f5
15. b3 fxe4 16. Bxe4 g6 17. Bd5+ Qxd5 18. cxd5 Rxe1+ 19. Kg2 Bf5 20. d3 Ne5 21.
Qc2 Bxd3 22. Qxc7 Be4+ 23. f3 Bxf3+ 24. Kf2 Re2+ 25. Kf1 Bb4 26. Bf4 Nd3 27.
Qc4 Rf2+ 28. Kg1 Rg2+ 29. Kf1 Rf2+ 30. Kg1 Rg2+ 31. Kh1 Nf2# {Normal} 0-1

[Event "Rated Blitz game"]
[Site "?"]
[Date "2021.01.09"]
[Round "?"]
[White "GRGM2B"]
[Black "KinzyabulatovRenat"]
[Result "1-0"]
[WhiteElo "2449"]
[BlackElo "2372"]
[PlyCount "101"]
[EventDate "2021.??.??"]
[EventType "blitz"]

1. e4 e5 2. Nf3 d5 3. exd5 e4 4. Qe2 Nf6 5. Nc3 Be7 6. Nxe4 O-O 7. d3 Nxd5 8.
Qd1 Re8 9. Be2 f5 10. Ng3 Bb4+ 11. Bd2 Bxd2+ 12. Qxd2 f4 13. Ne4 Bf5 14. O-O
Nc6 15. Nc3 Nxc3 16. bxc3 Qd6 17. Rfe1 Re7 18. d4 Rae8 19. Bd3 Bg4 20. Ng5 h6
21. Ne4 Qg6 22. Qxf4 Bh3 23. Qg3 Qxg3 24. hxg3 Bf5 25. f3 Bxe4 26. Bxe4 Na5 27.
Kf2 c6 28. Bd3 Kf7 29. Rxe7+ Rxe7 30. Re1 Rxe1 31. Kxe1 b6 32. Kd2 Nb7 33. Be4
Nd8 34. Ke3 Ke6 35. c4 Kd6 36. Kd3 Ne6 37. Bxc6 Kxc6 38. d5+ Kd6 39. dxe6 Kxe6
40. Kd4 Kd6 41. a4 a5 42. g4 g5 43. g3 Kc6 44. f4 Kd6 45. fxg5 hxg5 46. c3 Kc6
47. c5 bxc5+ 48. Kc4 Kb6 49. Kd5 c4 50. Kxc4 Kc6 51. Kd4 {Time forfeit} 1-0

[Event "Rated Blitz game"]
[Site "?"]
[Date "2021.01.09"]
[Round "?"]
[White "Fermatslastblunder"]
[Black "KinzyabulatovRenat"]
[Result "1-0"]
[WhiteElo "2434"]
[BlackElo "2355"]
[PlyCount "85"]
[EventDate "2021.??.??"]
[EventType "blitz"]

1. e4 e5 2. Nf3 d5 3. exd5 e4 4. Qe2 Nf6 5. Nc3 Be7 6. Nxe4 O-O 7. Nxf6+ Bxf6
8. Qd1 Bg4 9. Be2 Qxd5 10. O-O Nc6 11. h3 Bh5 12. d3 Rfe8 13. c3 Re7 14. Be3
Rae8 15. Re1 a5 16. Qc2 h6 17. a4 g5 18. Nh2 Bg6 19. Rad1 Bg7 20. Bf3 Qd7 21.
Qd2 Ne5 22. Be2 f5 23. Bc5 Re6 24. d4 b6 25. Ba3 Nf7 26. Bc4 Rxe1+ 27. Rxe1 Kh7
28. Rxe8 Qxe8 29. b3 Nd6 30. Bd3 Ne4 31. Qc2 c5 32. Nf3 cxd4 33. Nxd4 Bxd4 34.
cxd4 Qd7 35. Bb2 h5 36. f3 Ng3 37. Qc3 Qd5 38. Bc4 Qd8 39. d5 Qf8 40. d6 Be8
41. Qe5 Bd7 42. Kf2 h4 43. Bd4 {Time forfeit} 1-0

[Event "Rated Blitz tournament ZdsEH4YF"]
[Site "?"]
[Date "2021.01.09"]
[Round "?"]
[White "Arystanner23"]
[Black "TheOrtega"]
[Result "1-0"]
[WhiteElo "2660"]
[BlackElo "2446"]
[PlyCount "134"]
[EventDate "2021.??.??"]
[EventType "blitz"]

1. e4 e5 2. Nf3 d5 3. d4 dxe4 4. Nxe5 Bd6 5. Nc3 Bxe5 6. dxe5 Qxd1+ 7. Nxd1 Bf5
8. Bf4 Nc6 9. Ne3 Bg6 10. O-O-O Nge7 11. h4 h5 12. Bc4 O-O 13. e6 fxe6 14.
Bxe6+ Bf7 15. Bxf7+ Rxf7 16. Bg3 Ng6 17. Rd5 Nf4 18. Bxf4 Rxf4 19. Nd1 g6 20.
Re1 Re8 21. g3 Rf7 22. c3 Ne5 23. Re2 Kf8 24. Kc2 Nc4 25. Rd4 Nd6 26. b3 b6 27.
c4 Re5 28. Nc3 Ref5 29. Nd1 Rf3 30. Rd5 a5 31. a3 Kg7 32. a4 Kf8 33. Rdd2 Kg7
34. Nc3 Kf8 35. Nd1 Kg7 36. Rd4 Kf8 37. Rd5 Kg7 38. Rdd2 Kf8 39. Nc3 Kg7 40.
Nxe4 Nxe4 41. Rxe4 Rxf2 42. Re3 Rxd2+ 43. Kxd2 Rd7+ 44. Kc3 Kf6 45. c5 Rd1 46.
cxb6 cxb6 47. Kc4 Rd6 48. Kb5 Kf5 49. b4 axb4 50. Rb3 Kg4 51. Kxb4 Re6 52. Kb5
Rf6 53. Rc3 Re6 54. Rc6 Rxc6 55. Kxc6 Kxg3 56. Kxb6 Kxh4 57. a5 g5 58. a6 g4
59. a7 g3 60. a8=Q Kh3 61. Qh1+ Kg4 62. Kc5 h4 63. Kd4 h3 64. Qe4+ Kg5 65. Qf3
g2 66. Qg3+ Kf5 67. Ke3 Kf6 {Normal} 1-0

[Event "Rated Blitz game"]
[Site "?"]
[Date "2021.01.09"]
[Round "?"]
[White "Bat26"]
[Black "drdumbo"]
[Result "0-1"]
[WhiteElo "2502"]
[BlackElo "2528"]
[PlyCount "48"]
[EventDate "2021.??.??"]
[EventType "blitz"]

1. e4 e5 2. Nf3 d5 3. Nc3 dxe4 4. Nxe4 f5 5. Ng3 e4 6. Ne5 Nf6 7. d4 Bd6 8. Bc4
Bxe5 9. dxe5 Qxd1+ 10. Kxd1 Ng4 11. Ke2 Nxe5 12. Bb3 Nbc6 13. Rd1 Ke7 14. Bg5+
Ke8 15. Rd5 h6 16. Bd8 Be6 17. Rxe5 Nxe5 18. Bxc7 Bxb3 19. axb3 Nc6 20. Nxf5
Rf8 21. g4 g6 22. Nxh6 Nd4+ 23. Kf1 e3 24. Bg3 e2+ {Normal} 0-1

[Event "Rated Rapid game"]
[Site "?"]
[Date "2021.01.09"]
[Round "?"]
[White "Akashi63100"]
[Black "Lucien2007"]
[Result "1-0"]
[WhiteElo "2450"]
[BlackElo "2216"]
[PlyCount "47"]
[EventDate "2021.??.??"]
[EventType "rapid"]

1. e4 e5 2. Nf3 d5 3. Nxe5 Bd6 4. d4 dxe4 5. Bc4 Bxe5 6. Qh5 Qe7 7. dxe5 Nc6 8.
Bg5 Qb4+ 9. Nd2 Nxe5 10. Be2 Be6 11. O-O-O Nf6 12. Bxf6 gxf6 13. a3 Qa4 14. Nb1
O-O 15. Nc3 Qc6 16. Rhg1 Rad8 17. f4 exf3 18. gxf3+ Ng6 19. Bd3 Kg7 20. f4 f5
21. h4 Rg8 22. Qe2 Kh8 23. h5 Nxf4 24. Qe5+ {Normal} 1-0

[Event "Rated Blitz tournament ZdsEH4YF"]
[Site "?"]
[Date "2021.01.09"]
[Round "?"]
[White "Klimenko_Sergey_IM"]
[Black "TheOrtega"]
[Result "0-1"]
[WhiteElo "2444"]
[BlackElo "2477"]
[PlyCount "114"]
[EventDate "2021.??.??"]
[EventType "blitz"]

1. e4 e5 2. Nf3 d5 3. Qe2 dxe4 4. Qxe4 Nf6 5. Qxe5+ Be7 6. Bb5+ c6 7. Be2 O-O
8. O-O Re8 9. Nc3 Bb4 10. Qg3 Bxc3 11. dxc3 Rxe2 12. Bg5 Nbd7 13. Nd4 Re4 14.
f3 Re8 15. Rad1 Qb6 16. Kh1 Nd5 17. Nf5 Nf8 18. Nxg7 Kxg7 19. Bd8+ Ng6 20. Bxb6
axb6 21. a3 Bf5 22. Rd2 h6 23. Re1 Ndf4 24. Qf2 Nd5 25. g4 Be6 26. Re4 b5 27.
Rde2 Kg8 28. f4 Nf6 29. Rxe6 fxe6 30. g5 Ng4 31. Qg3 h5 32. h3 e5 33. hxg4 exf4
34. Qf3 hxg4 35. Qxg4 Rxe2 36. Qxe2 Rf8 37. Qe6+ Kg7 38. Kg2 f3+ 39. Kf2 Nf4
40. Qg4 Ng6 41. Qd4+ Kg8 42. c4 bxc4 43. Qxc4+ Kg7 44. Qc3+ Kg8 45. Qb3+ Kg7
46. Qxb7+ Rf7 47. Qxc6 Ne5 48. Qc3 Rf5 49. a4 Kg6 50. Qd4 Kxg5 51. a5 Ng4+ 52.
Kg3 Nf6 53. a6 f2 54. Qxf2 Ne4+ 55. Kh3 Nxf2+ 56. Kg2 Ne4 57. b4 Nc3 {Normal}
0-1

[Event "Rated Blitz game"]
[Site "?"]
[Date "2021.01.09"]
[Round "?"]
[White "Samhouri"]
[Black "tactinhos2900"]
[Result "1-0"]
[WhiteElo "2385"]
[BlackElo "2513"]
[PlyCount "107"]
[EventDate "2021.??.??"]
[EventType "blitz"]

1. e4 e5 2. Nf3 d5 3. Nxe5 Bd6 4. d4 dxe4 5. Nc3 Bxe5 6. dxe5 Qxd1+ 7. Kxd1 Bf5
8. Nd5 Kd8 9. Bg5+ Kc8 10. Bc4 Nc6 11. Bf4 Be6 12. c3 b5 13. Bb3 Na5 14. Ne3
Nxb3 15. axb3 Bxb3+ 16. Ke2 a5 17. Ra3 a4 18. c4 b4 19. Raa1 Ne7 20. Rac1 Ng6
21. Bg3 Re8 22. Nf5 Rg8 23. h4 Kb7 24. h5 Nf8 25. h6 g6 26. Ne7 Ne6 27. Bh4
Rge8 28. Nd5 Nd4+ 29. Ke3 Nc6 30. Nf6 Rxe5 31. Nxh7 Rh8 32. Ng5 Rxh6 33. Nxf7
Rxh4 34. Rxh4 Re7 35. Ng5 Rd7 36. Rxe4 a3 37. bxa3 bxa3 38. Rb1 a2 39. Rxb3+
Ka6 40. Ra3+ Kb6 41. Rxa2 Nb4 42. Rb2 c5 43. Re6+ Kc7 44. Ne4 Rd3+ 45. Ke2 Rd4
46. Nxc5 Rxc4 47. Rxb4 Rxc5 48. Ree4 Kd7 49. Kf3 g5 50. Rbd4+ Kc6 51. Rc4 Kd5
52. Rxc5+ Kxc5 53. Re5+ Kd6 54. Rxg5 {Normal} 1-0

[Event "Rated Blitz game"]
[Site "?"]
[Date "2021.01.09"]
[Round "?"]
[White "caribbeanvibe"]
[Black "cascabel94"]
[Result "1-0"]
[WhiteElo "2340"]
[BlackElo "2427"]
[PlyCount "33"]
[EventDate "2021.??.??"]
[EventType "blitz"]

1. e4 e5 2. Nf3 d5 3. exd5 e4 4. Qe2 Nf6 5. Nc3 Qe7 6. Ng5 Bf5 7. Qb5+ Nbd7 8.
Qxb7 Rb8 9. Qxc7 h6 10. Bb5 Rxb5 11. Nxb5 hxg5 12. b3 Qc5 13. Qb7 Nxd5 14. Qxd5
Qxd5 15. Nc7+ Ke7 16. Nxd5+ Kd6 17. Ne3 {Normal} 1-0

[Event "Rated Blitz tournament ZdsEH4YF"]
[Site "?"]
[Date "2021.01.09"]
[Round "?"]
[White "Arystanner23"]
[Black "Akmamedov_Mergen"]
[Result "1-0"]
[WhiteElo "2663"]
[BlackElo "2223"]
[PlyCount "89"]
[EventDate "2021.??.??"]
[EventType "blitz"]

1. e4 e5 2. Nf3 d5 3. Nc3 dxe4 4. Nxe4 f5 5. Ng3 e4 6. Ng1 Nf6 7. d3 Bd6 8. Bg5
O-O 9. dxe4 fxe4 10. Bc4+ Kh8 11. Qd2 Bxg3 12. hxg3 Qxd2+ 13. Bxd2 Nc6 14.
O-O-O Bf5 15. Nh3 Rad8 16. Bf4 Nd4 17. c3 Ne6 18. Bxe6 Bxe6 19. Bxc7 Rxd1+ 20.
Rxd1 Bxa2 21. Bd6 Re8 22. Nf4 Bb3 23. Rd4 b6 24. Ne2 h6 25. Kd2 Ng4 26. f3 e3+
27. Ke1 Nf2 28. Bf4 Nd1 29. Rb4 Bc2 30. Nd4 a5 31. Rxb6 Nf2 32. Nxc2 Nd3+ 33.
Ke2 Nc1+ 34. Kd1 Nd3 35. Bxe3 a4 36. Bd4 Kh7 37. Kd2 Ne5 38. Bxe5 Rxe5 39. g4
Ra5 40. Nd4 Rd5 41. Ra6 Rd7 42. Rxa4 Rf7 43. Nf5 Rd7+ 44. Rd4 g6 45. Rxd7+ {
Normal} 1-0

[Event "Rated Blitz game"]
[Site "?"]
[Date "2021.01.09"]
[Round "?"]
[White "Tachibana_Rui"]
[Black "shae11"]
[Result "0-1"]
[WhiteElo "2442"]
[BlackElo "2481"]
[PlyCount "74"]
[EventDate "2021.??.??"]
[EventType "blitz"]

1. e4 e5 2. Nf3 d5 3. d4 dxe4 4. Nxe5 Bd6 5. Nc4 Be7 6. Nc3 Nf6 7. Be2 Nc6 8.
Be3 O-O 9. h3 Nb4 10. a3 Nbd5 11. Nxd5 Nxd5 12. Qd2 f5 13. g3 Be6 14. O-O-O Qe8
15. h4 b5 16. Ne5 b4 17. Bc4 bxa3 18. Bxd5 axb2+ 19. Kb1 Bxd5 20. Qa5 Bf7 21.
d5 Bf6 22. Nc6 Bh5 23. Rd2 Bf3 24. Re1 Qf7 25. c4 h6 26. Rc2 Qh5 27. Rd2 Kh7
28. Bd4 f4 29. Bxf6 Rxf6 30. Qxc7 e3 31. fxe3 fxg3 32. d6 g2 33. Kxb2 Bxc6 34.
Qxc6 Rb8+ 35. Kc3 Qa5+ 36. Kc2 Rb2+ 37. Kxb2 Qxd2+ {Normal} 0-1

[Event "Rated Blitz tournament ZdsEH4YF"]
[Site "?"]
[Date "2021.01.09"]
[Round "?"]
[White "FlamingFM"]
[Black "Artem_0degov"]
[Result "1-0"]
[WhiteElo "2557"]
[BlackElo "2502"]
[PlyCount "45"]
[EventDate "2021.??.??"]
[EventType "blitz"]

1. e4 e5 2. Nf3 d5 3. exd5 e4 4. Qe2 Nf6 5. d3 Bb4+ 6. c3 O-O 7. cxb4 exf3 8.
Qxf3 Re8+ 9. Be3 Bg4 10. Qg3 Qxd5 11. Nc3 Qd6 12. Qxd6 cxd6 13. Nb5 Nc6 14. Nc7
Nxb4 15. Kd2 Rac8 16. Nxe8 Rc2+ 17. Ke1 Rxb2 18. Nxf6+ gxf6 19. Rc1 d5 20. f3
Bf5 21. Bd2 Nc2+ 22. Kd1 Nd4 23. Bc3 {Normal} 1-0

[Event "Rated Blitz game"]
[Site "?"]
[Date "2021.01.09"]
[Round "?"]
[White "Tachibana_Rui"]
[Black "shae11"]
[Result "0-1"]
[WhiteElo "2454"]
[BlackElo "2470"]
[PlyCount "68"]
[EventDate "2021.??.??"]
[EventType "blitz"]

1. e4 e5 2. Nf3 d5 3. Nxe5 Bd6 4. d4 dxe4 5. Nc4 Be7 6. Nc3 Nf6 7. Be2 O-O 8.
O-O Nc6 9. Be3 Nb4 10. Bg5 Bf5 11. Ne3 Bg6 12. d5 Nbxd5 13. Ncxd5 Nxd5 14. Bxe7
Nxe7 15. Qe1 c6 16. Qb4 Qc7 17. Rad1 Rad8 18. a4 f5 19. f4 Bf7 20. a5 h6 21. c4
a6 22. g3 c5 23. Qc3 Be6 24. b3 Nc6 25. Nd5 Bxd5 26. cxd5 Qxa5 27. Qc4 Nd4 28.
Rxd4 cxd4 29. Qxd4 Kh7 30. Rd1 Qa2 31. Bf1 Qxb3 32. d6 Rf6 33. d7 Qb6 34. Bc4
Rxd7 {Normal} 0-1

[Event "Rated Blitz game"]
[Site "?"]
[Date "2021.01.09"]
[Round "?"]
[White "Emre4848e"]
[Black "emre8484"]
[Result "1-0"]
[WhiteElo "2661"]
[BlackElo "2313"]
[PlyCount "27"]
[EventDate "2021.??.??"]
[EventType "blitz"]

1. e4 e5 2. Nf3 d5 3. exd5 Qxd5 4. Nc3 Qd8 5. d3 e4 6. Nxe4 Nf6 7. Nxf6+ Qxf6
8. Bg5 Be7 9. Bxf6 Bxf6 10. Be2 O-O 11. O-O Re8 12. Nd2 Bh3 13. gxh3 Bxb2 14.
Bf3 {Normal} 1-0

[Event "Rated Blitz game"]
[Site "?"]
[Date "2021.01.09"]
[Round "?"]
[White "Chinara2020"]
[Black "Fantastic_power06"]
[Result "0-1"]
[WhiteElo "2615"]
[BlackElo "2630"]
[PlyCount "108"]
[EventDate "2021.??.??"]
[EventType "blitz"]

1. e4 e5 2. Nf3 d5 3. Nxe5 Bd6 4. d4 dxe4 5. Be2 Bxe5 6. dxe5 Qxd1+ 7. Bxd1 Nc6
8. Bf4 Nge7 9. e6 Bxe6 10. Bxc7 Rc8 11. Bf4 Nd5 12. Bd2 O-O 13. Na3 Rfe8 14.
O-O Rcd8 15. Re1 Bf5 16. Nc4 Nb6 17. Nxb6 Rxd2 18. Nc4 Rdd8 19. c3 Be6 20. Be2
Kf8 21. a4 Bxc4 22. Bxc4 Rd2 23. Re2 Red8 24. Kf1 Ne5 25. Bb5 Ng4 26. h3 Nf6
27. Ke1 R2d6 28. a5 a6 29. Ba4 Re6 30. Rd1 Rxd1+ 31. Kxd1 Re5 32. b4 Nd5 33.
Kc2 Nf4 34. Rd2 g5 35. Rd8+ Kg7 36. Rd7 Nxg2 37. Rxb7 e3 38. fxe3 Nxe3+ 39. Kb3
h5 40. Bd7 g4 41. hxg4 h4 42. g5 Re7 43. Bc8 Re8 44. Bd7 Rd8 45. Bc6 h3 46. b5
axb5 47. a6 h2 48. a7 Nd5 49. Rd7 h1=Q 50. Rxd8 Qb1+ 51. Ka3 Qa1+ 52. Kb3 Qxc3+
53. Ka2 Nb4+ 54. Kb1 Qc2+ {Time forfeit} 0-1